000 01308nam0a2200385 4500
001 RU\NLR\bibl\1810751
005 20250616153545.0
010 _a978-5-367-02054-0
_96000
021 _aRU
_b2011-63288
_94440
035 _a(NLR Aleph) 001801367
090 _a1793551
_c1793551
100 _a20110920d2011 |||y0rusy50 ca
101 0 _arus
102 _aRU
105 _aa |||||||||
200 1 _aКомпоты и квасы
_fНаталия Потапова
210 _aСанкт-Петербург
_cАмфора
_d2011
215 _a31, [1] с.
_cцв. ил.
_d25
225 1 _aДомашние заготовки
300 _aЗагл. обл.: Компоты, квасы
512 0 _aКомпоты, квасы
517 0 _aКвасы
606 1 _aКвас
_xРецептура
_92107081
_3RU\NLR\auth\661273761
606 1 _aКомпоты
_xРецептура
_92206897
_3RU\NLR\auth\661325884
686 _aЛ877
686 _aЛ991.5
700 1 _4070
_7ca
_8rus
_aПотапова
_bН. В.
_cпопуляризатор
_gНаталия Валерьевна
_9158428
_3RU\NLR\AUTH\770158469
801 0 _aRU
_bNLR
_c20110920
_gRCR
801 1 _aRU
_bNLR
_c20110920
830 _aавт. по кн.
942 _cBOOK
980 _aNB
980 _aNBR